Optics & Atomic Physics (Record no. 1041)

MARC details
000 -LEADER
fixed length control field 00358nam a2200145Ia 4500
008 - FIXED-LENGTH DATA ELEMENTS--GENERAL INFORMATION
fixed length control field 221030s9999 xx 000 0 und d
041 ## - LANGUAGE CODE
Language code of text/sound track or separate title
082 ## - DEWEY DECIMAL CLASSIFICATION NUMBER
Classification number 105.23
Item number Sat
100 ## - MAIN ENTRY--AUTHOR NAME
Personal name Satya Prakash
245 #0 - TITLE STATEMENT
Title Optics & Atomic Physics
Statement of responsibility, etc by Satya Prakash
260 ## - PUBLICATION, DISTRIBUTION, ETC. (IMPRINT)
Name of publisher Ratan Prakashan
Place of publication New Delhi
Year of publication 1981
300 ## - PHYSICAL DESCRIPTION
Number of Pages 302
650 ## - SUBJECT ADDED ENTRY--TOPICAL TERM
Topical Term Physics
942 ## - ADDED ENTRY ELEMENTS (KOHA)
Koha item type Books
Holdings
Accession Number Cost, normal purchase price Full call number Price effective from Koha item type Withdrawn / writtenoff status Materials specified (bound volume or other part) Damaged status Not for loan Permanent Location Current Location Shelving location Date acquired Lost/ Missing status department
BE 40 28.00 105.23 Sat 10/30/2022 Books   Print     MIET Library, Jammu MIET Library, Jammu BL-Academic Block - C, FL-2, CUP-7, SH-1, R-1 10/28/1998   BE